|
|
|
|
| LEADER |
00000nam a22000007a 4500 |
| 005 |
2011090202542.0 |
| 008 |
110902t2009 it ||||s|||| 00| 0 ita d |
| 020 |
|
|
|a 9788861323421
|
| 035 |
|
|
|a 5471
|
| 040 |
|
|
|a vLex
|
| 090 |
|
|
|c 2346
|d 2346
|
| 100 |
1 |
|
|a di Pirro, Massimiliano
|
| 245 |
1 |
0 |
|a Codice di procedura civile
|h [Recurso electrn̤ico] :
|b Illustrato con dottrina, giurisprudenza, schemi, mappe e materiali /
|c Massimiliano di Pirro
|
| 256 |
|
|
|a Servicio en ln̕ea.
|
| 260 |
|
|
|a [Piacenza] :
|b Casa Editrice La Tribuna,
|c 2009.
|
| 300 |
|
|
|a 1 recurso electrn̤ico
|
| 500 |
|
|
|a I Codici Illustrati rappresentano innovativi strumenti di analisi e di lavoro per chi studia e opera nel mondo del diritto: • il testo delle norme ̈esplicato con un commento sintetico finalizzato a chiarire i criteri di interpretazione di dottrina e giurisprudenza; • la suddivisione in paragrafi e l’uso di neretti e di corsivi consente di creare veri e propri percorsi di lettura guidati, mentre i frequenti esempi rendono pi ̮semplice e applicativa l’interpretazione della norma; • al commento fanno seguito i materiali (stralci di sentenze, mappe concettuali, modelli di atti etc.), apparati utili per chiarire ulteriormente il senso della legge o mostrare la sua applicazione pratica.
|
| 506 |
1 |
|
|a Contenido solo disponible en los productos indicados
|d vLex Global
|d vLex Global (Academic Edition, excluding Law Schools)
|d vLex Global (U.S. Academic Edition, Law Schools)
|d vLex Global (U.S. Academic Edition, excluding Law Schools)
|d vLex Global (Academic Edition, Law Schools)
|
| 650 |
0 |
4 |
|a Derecho civil
|z Italia
|
| 740 |
0 |
|
|a vLex Libros (Servicio en ln̕ea)
|
| 856 |
4 |
0 |
|u http://vlex.com/source/codice-procedura-civile-illustrato-5471
|z Acceso restringido
|
| 942 |
|
|
|c BOOK
|